Every National Park by Picture - Statistics

General Stats
  • This quiz has been taken 8 times
  • The average score is 40 of 63
Answer Stats
Picture Answer % Correct
Acadia
100%
Gateway Arch
100%
Great Smoky Mountains
100%
Mammoth Cave
100%
Arches
83%
Death Valley
83%
Grand Canyon
83%
Mount Rainier
83%
Olympic
83%
Yellowstone
83%
Badlands
67%
Bryce Canyon
67%
Carlsbad Caverns
67%
Channel Islands
67%
Crater Lake
67%
Cuyahoga Valley
67%
Denali
67%
Dry Tortugas
67%
Everglades
67%
Glacier Bay
67%
Grand Teton
67%
Hawai'i Volcanoes
67%
Hot Springs
67%
Indiana Dunes
67%
Isle Royale
67%
Joshua Tree
67%
National Park of {American} {Samoa}
67%
Petrified Forest
67%
Pinnacles
67%
Redwood
67%
Saguaro
67%
Sequoia
67%
Theodore Roosevelt
67%
Virgin Islands
67%
White Sands
67%
Yosemite
67%
Zion
67%
Big Bend
50%
Biscayne
50%
Canyonlands
50%
Capitol Reef
50%
Congaree
50%
Gates of the Arctic
50%
Glacier
50%
Great Basin
50%
Great Sand Dunes
50%
Guadalupe Mountains
50%
Haleakalā
50%
Katmai
50%
Kenai Fjords
50%
Kings Canyon
50%
Kobuk Valley
50%
Lake Clark
50%
Lassen Volcanic
50%
Mesa Verde
50%
New River Gorge
50%
North Cascades
50%
Rocky Mountain
50%
Shenandoah
50%
Voyageurs
50%
Wind Cave
50%
Wrangell-St. Elias
50%
Black Canyon at the Gunnison
33%
No matching quizzes found
Score Distribution
Percent of People with Each Score
Percentile by Number Answered
Your Score History
You have not taken this quiz